000 00862nas a2200289 4500
001 BR2012006314
003 BR-BrBNA
005 20231205121030.0
007 ta
008 230509b bl.|||p| |||| 00| 00por d
040 _aBR-BrBNA
_bpor
_cBiblioteca Nacional de Agricultura
041 _a(Pt)
072 _aF40; F70; K10
100 1 _aSilva Jr., A.A.
100 1 _aSalerno, A.R.
245 1 _aO Inventário Florestal e as plantas bioativas de Santa Catarina
650 _aSANTA CATARINA
650 _aECOLOGIA
650 _aFLORA
650 _aINVENTÁRIO FLORESTAL
650 _aIMPACTO AMBIENTAL
650 _aSUSTENTABILIDADE
650 _aRECURSO NATURAL
773 0 _tAgropecuária Catarinense (Brazil)
_xISSN 0103-0779
_g(Mar 2012), v. 25 (1); p. 35-38
_wBR2012006314
909 _a202311
_bLúcia
_c55
_dLúcia Elande
942 _2AGRIS
_n0
_cANA
999 _c221538
_d221538